El Debat de la divisió territorial de Catalunya : edició d'estudis, propostes i documents (1939-1983) / a cura d'Enric Lluch i Oriol Nel·lo edició d'estudis, propostes i documents (1939-1983) / a cura d'Enric Lluch i Oriol Nel·lo
ISBN:
84-505-0372-8
Descripción Física:
LXXVIII, 1491 p. ; 25 cm
Otros Autores:
Nel·lo, Oriol, 1957-
MARC
| LEADER | 00000nam a2200000Ia 4500 | ||
|---|---|---|---|
| 001 | 9248 | ||
| 008 | 160829s1984 xx 000 0 cat d | ||
| 020 | |a 84-505-0372-8 | ||
| 080 | |a M-1-207 | ||
| 100 | 1 | |a Lluch, Enric, |d 1928-2012 |9 39718 | |
| 245 | |a El Debat de la divisió territorial de Catalunya : |b edició d'estudis, propostes i documents (1939-1983) / a cura d'Enric Lluch i Oriol Nel·lo | ||
| 260 | |a Barcelona : |b Diputació de Barcelona, |c 1984 | ||
| 300 | |a LXXVIII, 1491 p. ; |c 25 cm | ||
| 651 | 0 | |a Catalunya |x Divisions administratives i polítiques |9 54246 | |
| 700 | 1 | |a Nel·lo, Oriol, |d 1957- |e editor |9 20231 | |
| 901 | |a Arxiu | ||
| 942 | |n 1 |2 udc | ||
| 952 | |0 0 |1 0 |4 0 |6 M1207 |7 1 |9 49176 |a Arxiu |b Arxiu |d 2016-12-01 |l 0 |o M-1-207 |p 9248 |r 2016-12-01 00:00:00 |w 2016-12-01 |y ARXIU | ||
| 999 | |c 53016 |d 53016 | ||